000 00375nam a2200157Ia 4500
008 230524s9999 xx 000 0 und d
082 _a5
_bWOD
100 _aShirley Wodtke
_924034
245 0 _aMFC C++ Classes (Visual C++?)
250 _a1ST
260 _aNEW DELHI
_bBPB
_c1997
300 _aXIV;645
500 _aQuantity Number: 1
650 _aComp-Sc
942 _cBK
999 _c35575
_d35575